South African Law Reports (Record no. 2219)

MARC details
000 -LEADER
fixed length control field 00492nam a22001697a 4500
005 - DATE AND TIME OF INPUT
control field 20240722085024.0
008 - DATA ELEMENTS--GENERAL INFORMATION
fixed length control field 240722b |||||||| |||| 00| 0 eng d
022 ## - INTERNATIONAL STANDARD SERIAL NUMBER
International Standard Serial Number 00382396
041 ## - LANGUAGE CODE
Language code of text English/Afrikaans
082 ## - SHELF NUMBER
DDC number 349 SOU
100 ## - MAIN AUTHOR
Language of a work English/Afrikaans
245 ## - TITLE STATEMENT
Title South African Law Reports
260 ## - PUBLICATION, DISTRIBUTION, ETC.
Place of publication, distribution, etc. Cape Town:
Name of publisher, distributor, etc. Juta and Company Ltd,
Date of publication, distribution, etc. 2005
300 ## - PHYSICAL DESCRIPTION
Other physical details lxviii, 664 pages;
Dimensions 26 cm.
650 ## - SUBJECT`
Broad subject Legal practice
Own subject terms Law
942 ## - ADDED ENTRY ELEMENTS (KOHA)
Item type Books
942 ## - ADDED ENTRY ELEMENTS (KOHA)
-- ALISON_BN_VRIES
Holdings
Source of classification or shelving scheme Volume number (bound volume or other part) Not for loan Collection code Home library Current library Shelving location Date acquired Full call number Barcode Price effective from Koha item type
Dewey Decimal Classification January - February 2005 (1)   SOUTH AFRICAN LAW REPORTS LAW SOCIETY OF NAMIBIA LIBRARY - WINDHOEK LAW SOCIETY OF NAMIBIA LIBRARY - WINDHOEK South African Law Reports 07/22/2024 349 SOU LSN/2023/3167 07/22/2024 Books
Dewey Decimal Classification March - April 2005 (2)   SOUTH AFRICAN LAW REPORTS LAW SOCIETY OF NAMIBIA LIBRARY - WINDHOEK LAW SOCIETY OF NAMIBIA LIBRARY - WINDHOEK South African Law Reports 07/22/2024 349 SOU LSN/2023/3168 07/22/2024 Books
Dewey Decimal Classification May - June 2005 (3)   SOUTH AFRICAN LAW REPORTS LAW SOCIETY OF NAMIBIA LIBRARY - WINDHOEK LAW SOCIETY OF NAMIBIA LIBRARY - WINDHOEK South African Law Reports 07/22/2024 349 SOU LSN/2023/3169 07/22/2024 Books
Dewey Decimal Classification July - August 2005 (4)   SOUTH AFRICAN LAW REPORTS LAW SOCIETY OF NAMIBIA LIBRARY - WINDHOEK LAW SOCIETY OF NAMIBIA LIBRARY - WINDHOEK South African Law Reports 07/22/2024 349 SOU LSN/2023/3170 07/22/2024 Books
Dewey Decimal Classification September - October 2005 (5)   SOUTH AFRICAN LAW REPORTS LAW SOCIETY OF NAMIBIA LIBRARY - WINDHOEK LAW SOCIETY OF NAMIBIA LIBRARY - WINDHOEK South African Law Reports 07/22/2024 349 SOU LSN/2023/3171 07/22/2024 Books
Dewey Decimal Classification November - December 2005 (6)   SOUTH AFRICAN LAW REPORTS LAW SOCIETY OF NAMIBIA LIBRARY - WINDHOEK LAW SOCIETY OF NAMIBIA LIBRARY - WINDHOEK South African Law Reports 07/22/2024 349 SOU LSN/2023/3172 07/22/2024 Books